Laddar...

Microfinance: models, plicies and experiences

Bibliografiska uppgifter
Huvudupphovsman: Barik
Publicerad: Astral 2014
LEADER 00190 a2200085 4500
100 |a Barik 
245 |a Microfinance: models, plicies and experiences 
260 |c 2014  |b Astral 
942 |c BK  |6 _ 
999 |c 70890  |d 70890